01237nam a2200217 a 4500008004100000020002200041111011500063245026600178260014700444300002900591440005800620500002000678504004300698650008200741710006200823710005100885710005600936003000100992005001700993040000901010  a186058148X (hbk.)2 aInternational Conference on Designing Cost-Effective Compositesd(1998 :cInstitution of Mechanical Engineers)10aInternational Conference on Design Cost-Effective Composites :b15-16 September 1998, IMechE Headquarters, London, UK /corganized by the Joint Board of the IMechE and the Institute of Materials ; co-sponsored by the Institution of Civil Engineerse ... [et al.] aBury St. Edmunds, Suffolk, UK :bPublished by Professional Engineering Publishing Limited for the Institution of Mechanical Engineers,cc1998. a191 p. :bill. ;c25 cm. 0aIMechE conference transactions,x1356-1448 ;v1998-8. aIncludes index. aIncludes bibliographical references.  0aComposite materialsxDesign and constructionxCost effectivenessvCongresses.2 aJoint Board of the IMechE and the Institute of Materials.2 aInstitution of Civil Engineers (Great Britain)2 aInstitution of Mechanical Engineers (Great Britain)20230123134204.0 cNUST